000 00418nam a2200133Ia 4500
008 100328s9999 xx 000 0 und d
082 _b66434
100 _aसाने हेमा.
245 _aआपले हिरवे मित्र.
260 _bमाुराज.
630 _aआपले हिरवे मित्र.
730 _aआपले हिरवे मित्र.
942 _cBOOK
999 _c552173
_d552170